Detalles MARC
| 000 -CABECERA |
| Longitud fija campo de control |
01782nam a2200445 c 4500 |
| 001 - NÚMERO DE CONTROL |
| Número de control |
15310 |
| 003 - IDENTIFICADOR DE NÚMERO DE CONTROL |
| Identificador del número de control |
ES-MaCES |
| 005 - FECHA Y HORA DE LA ÚLTIMA TRANSACCIÓN |
| Fecha y hora de la última transacción |
20150925133412.0 |
| 008 - CAMPO FIJO DE DESCRIPCIÓN FIJA--INFORMACIÓN GENERAL |
| Códigos de información de longitud fija |
030715s2003 sp a r 000 | spa d |
| 017 ## - NÚMERO DE REGISTRO DE DERECHOS DE AUTOR Y DEPÓSITO LEGAL |
| Número de copyright o de depósito legal |
M 18172-2003 |
| Agencia que asigna el número |
DL |
| 020 ## - ISBN (INTERNATIONAL STANDARD BOOK NUMBER) |
| Número Internacional Normalizado para Libros (ISBN) |
8478421904 |
| 035 ## - NÚMERO DE CONTROL DEL SISTEMA |
| Número de control del sistema |
CES20030009997m |
| 040 ## - FUENTE DE CATALOGACIÓN |
| Centro catalogador de origen |
ES-MaCES |
| Lengua de catalogación |
spa |
| Centro transcriptor |
ES-MaCES |
| 245 00 - MENCIÓN DE TÍTULO |
| Título |
Guía de las empresas que ofrecen empleo 2003-2004 |
| Resto del título |
: titulados universitarios |
| 260 ## - PUBLICACIÓN, DISTRIBUCIÓN, ETC (PIE DE IMPRENTA) |
| Lugar de publicación, distribución, etc. |
Madrid |
| Nombre del editor, distribuidor, etc. |
Fundación Universidad-Empresa, con la col. del Servicio Regional de Empleo de la Consejería de Trabajo de la Comunidad de Madrid [y la] Cámara Oficial de Comercio e Industria de Madrid |
| Fecha de publicación, distribución, etc. |
[2003] |
| 300 ## - DESCRIPCIÓN FÍSICA |
| Extensión |
556 p. |
| Otras características físicas |
il. col. |
| Dimensiones |
30 cm |
| Material anejo |
1 CD-ROM |
| 500 ## - NOTA GENERAL |
| Nota general |
Tít. del CD-ROM: Guíate 2003-2004 |
| 541 ## - NOTA DE LA FUENTE INMEDIANTE DE ADQUISICIÓN |
| Forma de adquisición |
Compra |
| 650 #4 - ASIENTO SECUNDARIO DE MATERIA--TÉRMINO DE MATERIA |
| Término de materia o nombre geográfico como elemento inicial |
necesidad de mano de obra |
| 9 (RLIN) |
28296 |
| 650 #4 - ASIENTO SECUNDARIO DE MATERIA--TÉRMINO DE MATERIA |
| Término de materia o nombre geográfico como elemento inicial |
selección |
| 9 (RLIN) |
30039 |
| 650 #4 - ASIENTO SECUNDARIO DE MATERIA--TÉRMINO DE MATERIA |
| Término de materia o nombre geográfico como elemento inicial |
búsqueda de empleo |
| 9 (RLIN) |
27759 |
| 650 #4 - ASIENTO SECUNDARIO DE MATERIA--TÉRMINO DE MATERIA |
| Término de materia o nombre geográfico como elemento inicial |
solicitante de empleo |
| 9 (RLIN) |
29949 |
| 650 #4 - ASIENTO SECUNDARIO DE MATERIA--TÉRMINO DE MATERIA |
| Término de materia o nombre geográfico como elemento inicial |
graduado universitario |
| 9 (RLIN) |
27443 |
| 650 #4 - ASIENTO SECUNDARIO DE MATERIA--TÉRMINO DE MATERIA |
| Término de materia o nombre geográfico como elemento inicial |
España |
| 9 (RLIN) |
26964 |
| 650 #4 - ASIENTO SECUNDARIO DE MATERIA--TÉRMINO DE MATERIA |
| Término de materia o nombre geográfico como elemento inicial |
2003-2004 |
| 9 (RLIN) |
31716 |
| 650 #4 - ASIENTO SECUNDARIO DE MATERIA--TÉRMINO DE MATERIA |
| Término de materia o nombre geográfico como elemento inicial |
guía |
| 9 (RLIN) |
29262 |
| 650 #4 - ASIENTO SECUNDARIO DE MATERIA--TÉRMINO DE MATERIA |
| Término de materia o nombre geográfico como elemento inicial |
directorio |
| 9 (RLIN) |
28972 |
| 653 10 - TÉRMINO DE INDEXACIÓN--NO CONTROLADO |
| Término no controlado |
Obras de referencia |
| 650 #4 - ASIENTO SECUNDARIO DE MATERIA--TÉRMINO DE MATERIA |
| 9 (RLIN) |
28178 |
| Término de materia o nombre geográfico como elemento inicial |
empresa |
| 710 2# - ENCABEZAMIENTO SECUNDARIO--NOMBRE CORPORATIVO |
| Nombre de entidad o nombre de jurisdicción como elemento inicial |
Fundación Universidad-Empresa (Madrid) |
| Término indicativo de función |
ed. |
| 9 (RLIN) |
3920 |
| 710 1# - ENCABEZAMIENTO SECUNDARIO--NOMBRE CORPORATIVO |
| Nombre de entidad o nombre de jurisdicción como elemento inicial |
Madrid (Comunidad Autónoma) |
| Unidad subordinada |
Servicio Regional de Empleo |
| Término indicativo de función |
col. |
| 9 (RLIN) |
4489 |
| 710 2# - ENCABEZAMIENTO SECUNDARIO--NOMBRE CORPORATIVO |
| Nombre de entidad o nombre de jurisdicción como elemento inicial |
Cámara de Comercio e Industria de Madrid |
| Término indicativo de función |
col. |
| 9 (RLIN) |
1701 |
| 740 02 - ENCABEZAMIENTO SECUNDARIO--TÍTULO ANALÍTICO/RELACIONADO NO CONTROLADO |
| Título relacionado o analítico no controlado |
Guíate 2003-2004 |
| 787 0# - ENTRADA DE OTRAS ESPECIFICACIONES |
| Título |
Guía de las empresas que ofrecen empleo 2003-2004 |
| Número de control del registro relacionado |
(ES-MaCES)15328 |
| 787 0# - ENTRADA DE OTRAS ESPECIFICACIONES |
| Título |
Guía de las empresas que ofrecen empleo 2004-2005 |
| Número de control del registro relacionado |
(ES-MaCES)17005 |
| 787 0# - ENTRADA DE OTRAS ESPECIFICACIONES |
| Título |
Guía de las empresas que ofrecen empleo 2002-2003 |
| Número de control del registro relacionado |
(ES-MaCES)14229 |
| 902 ## - CES. TIPO DE DOCUMENTO |
| Tipodoc (006$c Sirtex) |
LIB Libro |
| 942 ## - ELEMENTOS KOHA |
| Fuente de clasificaión o esquema |
Clasificación propia del CES |
| Koha [por defecto] tipo de item |
Monografías |
| Parte de clasificación |
9.2. |